[Event "AZE-ch Men 2019"]
[Site "Baku"]
[Date "2019.01.23"]
[Round "8"]
[White "Bashirli, Nail"]
[Black "Ahadzade, Kanan"]
[Result "1-0"]
[WhiteElo "2324"]
[BlackElo "2019"]
[Annotator "NA"]
[PlyCount "145"]
[EventDate "2019.01.16"]
[EventType "swiss"]
[EventCountry "AZE"]
[SourceTitle "playchess.com"]
[Source "ChessBase"]
[SourceQuality "1"]
[TimeControl "40/5400+30:1800+30"]

1. e4 {[%emt 0:07:49]} g6 {[%emt 0:00:00]} 2. d4 {[%emt 0:00:28]} Bg7 {[%emt 0:00:00]} 3. Nc3 {[%emt 0:00:03]} c6 {[%emt 0:00:00]} 4. Nf3 {[%emt 0:00:11]} d6 {[%emt 0:00:00]} 5. Be2 {[%emt 0:00:17]} Nf6 {[%emt 0:00:08]} 6. O-O {[%emt 0:00:21]} O-O {[%emt 0:00:09]} 7. Re1 {[%emt 0:00:03]} Nbd7 {[%emt 0:00:58]} 8. a4 {[%emt 0:03:52]} Qc7 {[%emt 0:03:15]} 9. h3 {[%emt 0:00:16]} e5 {[%emt 0:00:29]} 10. a5 {[%emt 0:06:08] B08: Pirc Defence: Classical System} (10. dxe5 dxe5 11. Be3 Nh5 12. Bc4 Nf4 13. Qc1 h6 14. a5 Re8 15. Bb3 Qd6 16. Ne2 g5 17. Ng3 Nc5 {0-1 (34) Li,C (2724)-Sjugirov,S (2663) Qinhuangdao 2018}) 10... h6 {[%emt 0:04:22]} 11. dxe5 $146 {[%emt 0:03:12]} ({Predecessor:} 11. Bf1 Kh7 12. Be3 Ne8 13. a6 bxa6 14. d5 c5 15. Bxa6 Bxa6 16. Rxa6 Qb7 17. Qa1 f5 {1-0 (83) Schuetze,N (2269)-Konstacky,M (2117) Litomysl 2009}) 11... dxe5 {[%emt 0:01:08]} 12. Be3 {[%emt 0:00:01]} Rd8 {[%emt 0:01:28]} 13. Qc1 {[%emt 0:00:27]} Kh7 {[%emt 0:07:07]} 14. Rd1 {[%emt 0:03:06]} Ng8 {[%emt 0:05:32]} 15. Qd2 {[%emt 0:17:28]} Bf6 {[%emt 0:02:14]} 16. Qd6 {[%emt 0:01:55]} Qxd6 {[%emt 0:00:41]} 17. Rxd6 {[%emt 0:00:04]} Be7 {[%emt 0:03:20]} 18. Rd3 {[%emt 0:05:50]} Ngf6 {[%emt 0:02:44]} 19. Ra4 {[%emt 0:06:49]} Ne8 {[%emt 0:06:33]} 20. b4 {[%emt 0:07:00]} Nc7 {[%emt 0:06:16]} 21. Rd1 {[%emt 0:06:43]} f6 {[%emt 0:08:56]} 22. b5 {[%emt 0:10:48]} cxb5 {[%emt 0:04:54]} 23. Nxb5 {[%emt 0:00:59]} Nxb5 {[%emt 0:02:52]} 24. Bxb5 {[%emt 0:02:17]} a6 {[%emt 0:03:13]} 25. Bc4 {[%emt 0:00:45]} Nb8 {[%emt 0:04:12]} 26. Rb1 {[%emt 0:00:38]} Nc6 {[%emt 0:01:00]} 27. Bd5 {[%emt 0:00:15]} Bd6 {[%emt 0:01:04]} 28. Nd2 {[%emt 0:02:44]} Bc7 {[%emt 0:02:47]} 29. Nc4 {[%emt 0:01:02]} Rb8 {[%emt 0:01:43]} 30. Nb6 {[%emt 0:05:00]} Bd6 {[%emt 0:08:57]} 31. c3 {[%emt 0:01:20]} Bc7 {[%emt 0:08:28]} 32. Rc4 {[%emt 0:00:52]} Bxb6 {[%emt 0:00:53]} 33. Bxb6 {[%emt 0:01:06]} Rd7 {[%emt 0:01:27]} 34. f3 {[%emt 0:01:59]} Kg7 {[%emt 0:03:00]} 35. Kf2 {[%emt 0:00:49]} Ra8 {[%emt 0:01:18]} 36. Rxc6 {[%emt 0:02:31]} bxc6 {[%emt 0:02:23]} 37. Bxc6 {[%emt 0:00:02]} Rb8 {[%emt 0:00:28]} 38. Bxd7 {[%emt 0:00:24]} Bxd7 {[%emt 0:00:06]} 39. c4 {[%emt 0:00:17]} Rc8 {[%emt 0:04:11]} 40. Be3 {[%emt 0:00:00]} Kf7 {[%emt 0:00:00]} 41. Rb7 {[%emt 0:09:32]} Ke6 {[%emt 0:01:24]} 42. Rb6+ {[%emt 0:00:22]} Rc6 {[%emt 0:00:19]} 43. Bxh6 {[%emt 0:02:15]} Ke7 {[%emt 0:02:26]} 44. Rxc6 {[%emt 0:03:03]} (44. h4 $18) 44... Bxc6 {[%emt 0:00:04]} 45. h4 {[%emt 0:00:04]} Ba4 46. Ke2 {[%emt 0:00:51]} Ke6 $18 {[%emt 0:01:59]} 47. Bd2 {[%emt 0:00:57]} Bb3 {[%emt 0:01:01]} 48. Kd3 {[%emt 0:00:37]} Bd1 {[%emt 0:01:18]} 49. Bc1 {[%emt 0:04:39]} f5 {[%emt 0:01:13]} 50. exf5+ {[%emt 0:01:03]} Kxf5 {[%emt 0:00:58]} 51. Ke3 {[%emt 0:00:36]} Bb3 {[%emt 0:01:40]} 52. c5 {[%emt 0:00:39]} Bd5 {[%emt 0:00:29]} 53. Bb2 {[%emt 0:00:48]} Bc6 {[%emt 0:00:21]} 54. g4+ {[%emt 0:01:04]} Ke6 {[%emt 0:00:06]} 55. f4 {[%emt 0:00:56]} exf4+ {[%emt 0:02:34]} 56. Kxf4 {[%emt 0:00:04]} Kd5 {[%emt 0:00:10]} 57. h5 {[%emt 0:01:29]} gxh5 {[%emt 0:02:12]} 58. gxh5 {[%emt 0:00:05]} Be8 {[%emt 0:00:13]} 59. h6 {[%emt 0:00:23]} Bg6 {[%emt 0:00:06]} 60. Ba3 {[%emt 0:01:01]} Kc6 {[%emt 0:02:43]} 61. Kg5 {[%emt 0:00:27]} Bb1 {[%emt 0:00:06]} 62. Kf6 {[%emt 0:00:15]} Kb5 {[%emt 0:00:06]} 63. Bb4 {[%emt 0:00:23]} Be4 {[%emt 0:00:26]} 64. Kg7 {[%emt 0:00:18]} Kxb4 {[%emt 0:00:13]} 65. c6 {[%emt 0:00:06]} Bxc6 {[%emt 0:00:04]} 66. h7 {[%emt 0:00:03]} Kxa5 {[%emt 0:00:04]} 67. h8=Q {[%emt 0:00:04]} Bb5 {[%emt 0:00:17]} 68. Kf6 {[%emt 0:00:05]} Kb4 {[%emt 0:00:05]} 69. Qf8+ {[%emt 0:00:08]} Ka4 {[%emt 0:00:08]} 70. Ke5 {[%emt 0:00:12]} Ka5 {[%emt 0:00:06]} 71. Kd4 {[%emt 0:00:07]} Ka4 {[%emt 0:00:06]} 72. Kc3 {[%emt 0:00:12]} Ka5 {[%emt 0:00:07]} 73. Qc5 {[%emt 0:00:04]} 1-0

[Event "AZE-ch Men 2019"]
[Site "Baku"]
[Date "2019.01.23"]
[Round "8"]
[White "Ilyasli, Ughur"]
[Black "Novruzov, Emin"]
[Result "1-0"]
[WhiteElo "2148"]
[BlackElo "1910"]
[Annotator "NA"]
[PlyCount "55"]
[EventDate "2019.01.16"]
[EventType "swiss"]
[EventCountry "AZE"]
[SourceTitle "playchess.com"]
[Source "ChessBase"]
[SourceQuality "1"]
[TimeControl "40/5400+30:1800+30"]

1. d4 c5 2. d5 b5 3. e4 a6 {A43: Schmid Benoni} 4. a4 b4 5. c4 (5. Nd2 a5 6. e5 Ba6 7. Bxa6 Nxa6 8. Nc4 Nc7 9. Bg5 Qb8 10. Qf3 Ra6 11. O-O-O {1-0 (47) Laxman,R (2389)-Sai,V (2281) Noida 2016}) 5... bxc3 6. Nxc3 d6 7. Nf3 {[%emt 0:17:26]} g6 {[%emt 0:09:39]} 8. Nd2 {[%emt 0:01:14]} Bg7 {[%emt 0:01:55]} 9. Nc4 $146 {[%emt 0:00:49]} ({Predecessor:} 9. Be2 Nf6 10. O-O O-O 11. Nc4 {0-1 (45) Oborski,A (1801)-Kot,J (2028) Lazy 2018}) 9... a5 {[%emt 0:06:15]} 10. Bd3 {[%emt 0:03:02]} Na6 {[%emt 0:01:38]} 11. O-O {[%emt 0:00:37]} Nb4 {[%emt 0:00:11]} 12. f4 {[%emt 0:08:18]} Nxd3 {[%emt 0:06:39]} 13. Qxd3 {[%emt 0:00:04]} Nh6 {[%emt 0:03:09]} 14. f5 {[%emt 0:03:54]} Ng4 {[%emt 0:04:20]} 15. Qf3 {[%emt 0:06:58]} Bd4+ {[%emt 0:05:44]} 16. Kh1 {[%emt 0:02:58]} gxf5 {[%emt 0:08:36]} 17. exf5 {[%emt 0:00:25]} Rg8 {[%emt 0:01:58]} 18. Bf4 {[%emt 0:07:34]} Bxc3 {[%emt 0:17:34]} 19. Qxc3 {[%emt 0:05:19]} Ba6 {[%emt 0:04:20]} 20. Rae1 $14 {[%emt 0:14:30]} Kd7 {[%emt 0:09:00]} 21. f6 {[%emt 0:11:24]} exf6 {[%emt 0:01:14]} 22. h3 {[%emt 0:03:15]} Ne5 {[%emt 0:02:39]} 23. Bxe5 {[%emt 0:00:19]} dxe5 {[%emt 0:00:55]} 24. Nxe5+ {[%emt 0:02:12]} fxe5 {[%emt 0:03:21]} 25. Rxf7+ {[%emt 0:00:03]} Kc8 {[%emt 0:02:51]} 26. Qxc5+ {[%emt 0:00:08]} Kb8 {[%emt 0:00:03]} 27. Re3 {[%emt 0:00:07]} Bb7 {[%emt 0:04:05]} 28. Rxb7+ {[%emt 0:00:05]} 1-0

[Event "AZE-ch Men 2019"]
[Site "Baku"]
[Date "2019.01.23"]
[Round "8"]
[White "Jafarli, Babak"]
[Black "Abbasov, Amil"]
[Result "1/2-1/2"]
[WhiteElo "2128"]
[BlackElo "2190"]
[Annotator "NA"]
[PlyCount "68"]
[EventDate "2019.01.16"]
[EventType "swiss"]
[EventCountry "AZE"]
[SourceTitle "playchess.com"]
[Source "ChessBase"]
[SourceQuality "1"]
[TimeControl "40/5400+30:1800+30"]

1. e4 {[%emt 0:24:37]} Nf6 {[%emt 0:07:46]} 2. e5 {[%emt 0:00:46]} Nd5 {[%emt 0:00:05]} 3. c4 {[%emt 0:04:53]} Nb6 {[%emt 0:00:19]} 4. c5 {[%emt 0:00:06]} Nd5 {[%emt 0:00:04]} 5. Bc4 {[%emt 0:00:03]} e6 {[%emt 0:00:06]} 6. Nc3 {[%emt 0:00:03]} Nxc3 {[%emt 0:00:31]} 7. bxc3 {[%emt 0:00:19]} d6 {[%emt 0:01:14] B02: Alekhine's Defence: Chase Variation and lines with early Nc3} (7... Bxc5 8. Qg4 O-O 9. d4 f5 10. Qg3 Be7 11. Nf3 Qe8 12. h4 d6 13. Bh6 Qg6 14. Qxg6 hxg6 15. Bg5 {½-½ (82) Jafarli,B (2132)-Sevdimaliyev,U (2386) Baku 2018}) 8. cxd6 {[%emt 0:00:27]} cxd6 {[%emt 0:00:04]} 9. Nf3 {[%emt 0:00:16]} Nc6 {[%emt 0:02:29]} 10. Qe2 {[%emt 0:03:48]} Qa5 {[%emt 0:08:30]} 11. exd6 $146 {[%emt 0:01:27]} ({Predecessor:} 11. O-O dxe5 12. d4 exd4 13. cxd4 Be7 14. d5 exd5 15. Bb5 {1-0 (31) Muench,K (2085)-Oberhofer,M (2105) Bayern 1999}) 11... Bxd6 {[%emt 0:00:10]} 12. O-O {[%emt 0:00:02]} O-O {[%emt 0:00:11]} 13. d4 {[%emt 0:01:08]} Qxc3 {[%emt 0:03:50]} 14. Bd2 {[%emt 0:05:38]} Qa3 {[%emt 0:00:23]} 15. Bd3 {[%emt 0:00:39]} Be7 {[%emt 0:01:40]} 16. Qe4 {[%emt 0:11:44]} g6 {[%emt 0:09:57]} 17. h4 {[%emt 0:03:51]} Qd6 {[%emt 0:02:18]} 18. Bc4 {[%emt 0:01:10]} Bf6 {[%emt 0:02:23]} 19. Bf4 {[%emt 0:01:30]} Qb4 {[%emt 0:03:36]} 20. Rac1 {[%emt 0:01:48]} Qa5 {[%emt 0:03:05]} 21. Ne5 {[%emt 0:02:36]} Rd8 {[%emt 0:12:26]} 22. Rfd1 {[%emt 0:04:00]} Nxe5 {[%emt 0:06:01]} 23. Bxe5 {[%emt 0:00:10]} Bxe5 $11 {[%emt 0:04:12]} 24. dxe5 {[%emt 0:00:15]} Bd7 {[%emt 0:00:28]} 25. Qxb7 {[%emt 0:06:49]} Ba4 {[%emt 0:06:42]} 26. Re1 {[%emt 0:02:22]} Rac8 {[%emt 0:01:36]} 27. Qe4 {[%emt 0:00:57]} Qd2 {[%emt 0:00:56]} 28. Qe2 {[%emt 0:02:35]} Qh6 {[%emt 0:02:23]} 29. Qg4 {[%emt 0:03:34]} Bb5 {[%emt 0:12:21]} 30. Rc2 {[%emt 0:01:05]} Rd2 {[%emt 0:03:35]} 31. Re2 {[%emt 0:00:59]} Rxc2 {[%emt 0:00:32]} 32. Rxc2 {[%emt 0:00:04]} Bxc4 {[%emt 0:02:03]} 33. Rxc4 {[%emt 0:00:06]} Rxc4 {[%emt 0:00:06]} 34. Qxc4 {[%emt 0:00:06]} Qd2 {[%emt 0:00:07]} 1/2-1/2

[Event "AZE-ch Men 2019"]
[Site "Baku"]
[Date "2019.01.23"]
[Round "8"]
[White "Guliyev, Gasan"]
[Black "Allahverdiyeva, Ayan"]
[Result "0-1"]
[WhiteElo "1997"]
[BlackElo "1975"]
[Annotator "NA"]
[PlyCount "88"]
[EventDate "2019.01.16"]
[EventType "swiss"]
[EventCountry "AZE"]
[SourceTitle "playchess.com"]
[Source "ChessBase"]
[SourceQuality "1"]
[TimeControl "40/5400+30:1800+30"]

1. d4 {[%emt 0:08:28]} d5 {[%emt 0:00:00]} 2. c4 {[%emt 0:00:08]} e6 {[%emt 0:02:11]} 3. Nf3 {[%emt 0:00:36]} c5 {[%emt 0:00:41]} 4. cxd5 {[%emt 0:00:33]} exd5 {[%emt 0:00:15]} 5. g3 {[%emt 0:00:05]} Nf6 {[%emt 0:00:39]} 6. Bg2 {[%emt 0:00:04]} Be7 {[%emt 0:00:04]} 7. O-O {[%emt 0:00:07]} O-O {[%emt 0:00:29]} 8. Nc3 {[%emt 0:00:06]} Nc6 {[%emt 0:00:52]} 9. h3 {[%emt 0:00:36]} h6 {[%emt 0:07:05]} 10. Be3 {[%emt 0:13:30]} c4 {[%emt 0:08:59]} 11. Ne5 {[%emt 0:00:46]} Re8 {[%emt 0:09:27]} 12. Qa4 {[%emt 0:24:24]} Be6 {[%emt 0:30:09]} 13. f4 $11 {[%emt 0:12:22]} Qc8 {[%emt 0:10:40]} 14. g4 {[%emt 0:01:32]} Bd8 {[%emt 0:00:38]} 15. g5 {[%emt 0:15:31]} hxg5 {[%emt 0:05:24]} 16. fxg5 {[%emt 0:00:29]} Ne4 {[%emt 0:00:10]} 17. Nxe4 {[%emt 0:08:59]} dxe4 {[%emt 0:00:07]} 18. Bxe4 {[%emt 0:07:55]} Bxh3 {[%emt 0:00:49]} 19. Bxc6 {[%emt 0:00:50]} Rxe5 {[%emt 0:06:46]} 20. dxe5 {[%emt 0:00:10]} Qg4+ {[%emt 0:00:06]} 21. Kh2 {[%emt 0:00:19]} Bxf1 {[%emt 0:02:24]} 22. Rxf1 {[%emt 0:01:17]} bxc6 {[%emt 0:00:09]} 23. Qxc6 {[%emt 0:01:00]} Qxe2+ {[%emt 0:01:19]} 24. Qg2 {[%emt 0:00:04]} Qh5+ {[%emt 0:12:00]} 25. Qh3 {[%emt 0:00:03]} Qg6 {[%emt 0:02:28]} 26. Qg4 {[%emt 0:02:20]} Bc7 {[%emt 0:02:05]} 27. Qxc4 {[%emt 0:00:32]} Bxe5+ {[%emt 0:00:22]} 28. Kg2 {[%emt 0:00:17]} Bxb2 {[%emt 0:01:38]} 29. Rh1 {[%emt 0:00:28]} Re8 {[%emt 0:01:07]} 30. Qh4 {[%emt 0:00:39]} Qc6+ {[%emt 0:00:57]} 31. Kf2 {[%emt 0:00:17]} Qc2+ {[%emt 0:01:03]} 32. Kf3 {[%emt 0:00:31]} g6 {[%emt 0:00:21]} 33. Qh7+ {[%emt 0:00:38]} Kf8 {[%emt 0:00:07]} 34. Qh6+ {[%emt 0:00:36]} Bg7 {[%emt 0:00:18]} 35. Qh4 {[%emt 0:00:10]} Qf5+ {[%emt 0:01:34]} 36. Ke2 {[%emt 0:00:08]} Qc5 {[%emt 0:01:03]} 37. Rh3 {[%emt 0:01:00]} Qc2+ {[%emt 0:00:24]} 38. Kf3 {[%emt 0:00:13]} Qd3 {[%emt 0:00:40]} 39. Qb4+ {[%emt 0:00:47]} Kg8 {[%emt 0:00:11]} 40. Qd2 {[%emt 0:00:00]} Qe4+ {[%emt 0:00:00]} 41. Kf2 {[%emt 0:01:04]} Rb8 {[%emt 0:11:45]} 42. Qe2 {[%emt 0:03:33]} Rb2 {[%emt 0:02:01]} 43. Bd2 {[%emt 0:00:05]} Qd4+ {[%emt 0:01:40]} 44. Kf3 {[%emt 0:00:38]} Rxd2 {[%emt 0:00:41]} 0-1

[Event "AZE-ch Men 2019"]
[Site "Baku"]
[Date "2019.01.24"]
[Round "9"]
[White "Asadli, Vugar"]
[Black "Bajarani, Ulvi"]
[Result "0-1"]
[WhiteElo "2471"]
[BlackElo "2421"]
[Annotator "TA"]
[PlyCount "80"]
[EventDate "2019.01.16"]
[EventType "swiss"]
[EventCountry "AZE"]
[SourceTitle "playchess.com"]
[Source "ChessBase"]
[SourceQuality "1"]

{[%evp 22,80,6,0,0,-21,24,36,50,0,6,0,-13,-19,-6,-8,0,0,0,0,0,-26,0,0,0,0,0,0,14,0,0,-50,-58,-50,-31,-43,-31,-29,-27,-77,-77,-107,-102,-102,-101,-141,-146,-152,-137,-168,-89,-82,0,-190,-178,-814,-741,-1914,-388,-366,-329]} 1. e4 e6 2. d4 d5 3. Nc3 Nf6 4. e5 Nfd7 5. f4 c5 6. Nf3 Nc6 7. Be3 Be7 8. dxc5 Bxc5 9. Bxc5 Nxc5 10. Qd2 O-O 11. O-O-O Qa5 12. a3 {LiveBook: 4 Games. C11: French: Classical System: 4 e5 and 4 Bg5 dxe4} Bd7 13. Qe3 Rfd8 $146 ({Predecessor:} 13... Qb6 14. Nd4 Rac8 15. h4 Nxd4 16. Qxd4 f6 17. exf6 Rxf6 18. g3 Qc7 19. Rh2 b5 {1-0 (49) Kravtsiv,M (2645)-Shtembuliak,E (2478) Rivne 2016}) 14. h4 {White has an edge.} Rac8 15. Kb1 Be8 16. Be2 Qb6 {Threatening ...d4!} 17. Rh3 Ne4 18. Qxb6 axb6 19. Nxe4 dxe4 20. Ng5 Nd4 21. Re3 Bc6 22. Nxe4 Nxe2 23. Rxd8+ Rxd8 24. Rxe2 $11 {[%mdl 4096] Endgame KRB-KRN} Rd1+ 25. Ka2 Rd4 26. Nd2 (26. Rd2 $5 {[%cal Rd2d4]} Bd5+ 27. b3 Rxe4 28. c4 $11) 26... Rxf4 27. g3 Rg4 28. Re3 f5 {aiming for ...f4.} 29. exf6 $1 gxf6 30. b4 Kf7 31. Kb3 b5 32. Kc3 e5 33. Kd3 Ke6 34. Ke2 h5 35. Kf2 Rd4 ({Black should play} 35... f5 $19 36. Rc3 f4 37. gxf4 Rxf4+ 38. Kg3 Rg4+ 39. Kh3 Bg2+ 40. Kh2 Bd5) 36. Rd3 $17 Rg4 (36... Bd5 $17) 37. Re3 $19 {[#]} f5 $1 38. Nf3 $2 (38. Ke1) 38... Bxf3 $1 39. Kxf3 {[#]} Rc4 $2 (39... Rxg3+ $1 {[%mdl 512]} 40. Kxg3 f4+ {[%mdl 64] Double Attack} 41. Kf3 fxe3 42. Kxe3 Kf5) 40. c3 Rc8 {Accuracy: White = 39%, Black = 60%.} 0-1

[Event "AZE-ch Men 2019"]
[Site "Baku"]
[Date "2019.01.24"]
[Round "9"]
[White "Muradli, Mahammad"]
[Black "Gadimbayli, Abdulla"]
[Result "1/2-1/2"]
[WhiteElo "2432"]
[BlackElo "2409"]
[Annotator "TA"]
[PlyCount "112"]
[EventDate "2019.01.16"]
[EventType "swiss"]
[EventCountry "AZE"]
[SourceTitle "playchess.com"]
[Source "ChessBase"]
[SourceQuality "1"]

{[%evp 15,112,18,29,14,15,25,16,14,10,15,28,27,35,22,34,8,14,3,14,7,17,-10,-8,-23,-21,-40,-33,-32,-33,-31,-45,-38,-52,-54,-38,-98,-101,-106,-106,-96,-100,-126,-121,-189,-143,-157,-135,-144,-136,-208,0,-270,-179,-197,-100,-99,-108,-103,-91,-107,-92,-101,-90,-88,-71,-64,-6,-5,-5,-12,0,0,0,0,0,0,0,0,0,0,0,0,0,0,0,0,0,0,0,0,0,0,0,0,0,0,0,0,0]} 1. Nf3 Nf6 2. c4 Nc6 3. d4 e6 4. a3 d6 5. Nc3 g6 6. e4 Bg7 7. d5 {E10: Blumenfeld Gambit} (7. Be2 O-O 8. O-O Re8 9. d5 exd5 10. cxd5 Ne7 11. Bf4 c6 12. Re1 cxd5 13. exd5 Nf5 14. Qb3 Nd7 15. Bb5 Rxe1+ 16. Rxe1 {1-0 (36) Krasenkow,M (2630)-Jones,G (2660) Porticcio 2017}) 7... exd5 8. cxd5 Ne7 {LiveBook: 4 Games} 9. h3 {White has an edge.} O-O 10. Bc4 $146 ({Predecessor:} 10. Bd3 h6 11. Be3 Nd7 12. O-O c6 {0-1 (42) Thomassen,J (2334)-David,E (2243) Norway 2010}) 10... c6 11. O-O b5 12. Bb3 cxd5 13. exd5 a6 14. Bf4 Bb7 15. Rc1 Rc8 16. Qd3 Qd7 17. Rfe1 Rfe8 18. Re2 Qf5 19. Qxf5 Nxf5 20. Rxe8+ Nxe8 21. Re1 Bxc3 22. bxc3 Nf6 23. Bc2 Ng7 24. Bxd6 Nxd5 25. Ne5 (25. Be4 $15) 25... Ne8 $17 26. Bb4 Nxb4 27. axb4 Rxc3 28. Bb1 Nf6 29. Kh2 (29. Ba2 $17 {is a better defense.}) 29... Bd5 30. Bd3 Rb3 31. Ra1 Bb7 32. Rc1 (32. Rb1 $17 Rc3 33. Kg1) 32... Bd5 $2 {[#]} (32... Nd5 $19 {And now ...f6 would win.} 33. Be4 Rxb4) 33. g4 $2 {[%mdl 8192]} (33. Ra1 $11 {and White is okay.}) 33... Kg7 34. Ra1 Ne4 (34... Rxb4 $19 {Strongly threatening ...Ra4.} 35. Rxa6 Ne4) 35. Bxe4 Bxe4 36. Rxa6 Rxb4 {[%mdl 4096] Endgame KRB-KRN} 37. Rd6 Bb1 38. Kg3 Re4 39. Nd7 Ba2 40. Rb6 Bc4 (40... b4 $15 41. f3 Rc4) 41. g5 $1 $11 {The position is equal.} h6 42. h4 $1 hxg5 43. hxg5 Rd4 44. Ne5 Rd1 45. Rb8 Rg1+ (45... Be6 {is more complex.} 46. Rxb5 Rg1+ 47. Kf4 Rc1 48. Ke3 Rc3+) 46. Kf4 Rh1 (46... Rg2 {keeps more tension.} 47. f3 Rc2 48. Ke4 Rc1 49. Ke3 Re1+) 47. Nxc4 bxc4 {KR-KR} 48. Rc8 Rc1 49. Ke3 $1 c3 50. Kd3 Rf1 51. Ke3 Re1+ 52. Kd3 Rd1+ 53. Ke3 Rg1 54. f4 Rg3+ 55. Kd4 Rf3 56. Ke4 Rh3 {Precision: White = 63%, Black = 53%.} 1/2-1/2

[Event "AZE-ch Men 2019"]
[Site "Baku"]
[Date "2019.01.24"]
[Round "9"]
[White "Shahaliyev, Ismayil"]
[Black "Bashirli, Nail"]
[Result "0-1"]
[WhiteElo "2389"]
[BlackElo "2324"]
[Annotator "NA"]
[PlyCount "96"]
[EventDate "2019.01.16"]
[EventType "swiss"]
[EventCountry "AZE"]
[SourceTitle "playchess.com"]
[Source "ChessBase"]
[SourceQuality "1"]
[TimeControl "40/5400+30:1800+30"]

{[%evp 9,95,22,23,15,23,32767,12,32767,7,-22,0,0,-13,-14,-16,-14,32767,32767,-22,-47,-47,-51,32767,32767,-116,-128,-103,32767,-117,-114,32767,32767,-124,32767,-147,-146,32767,-116,-118,-174,-107,32767,-91,-164,-136,-167,-145,32767,-213,32767,32767,32767,-166,-182,-182,-220,-169,32767,-129,32767,-212,-247,-212,-224,32767,32767,32767,-332,-345,-444,32767,-1391,32767,-1399,-1508,-1395,-1295,-29988,-1555,-996,32767,-29996,32767,-29997,-29998,-29998,-29999,-29999]} 1. e4 {[%emt 0:00:29]} c5 {[%emt 0:05:01]} 2. Nf3 {[%emt 0:00:06]} d6 {[%emt 0:00:03]} 3. Bb5+ {[%emt 0:00:05]} Bd7 {[%emt 0:01:05]} 4. Bxd7+ {[%emt 0:00:11]} Nxd7 {[%emt 0:00:03]} 5. O-O {[%emt 0:00:41]} Ngf6 {[%emt 0:00:11]} 6. Re1 {[%emt 0:04:05]} g6 {[%emt 0:04:56]} 7. b3 {[%emt 0:04:19]} Bg7 {[%emt 0:02:08] B52: Sicilian: Moscow Variation with 3...Bd7} 8. Bb2 {[%emt 0:00:05]} O-O {[%emt 0:00:54] LiveBook: 3 Games} 9. e5 {[%emt 0:21:08]} (9. d4 cxd4 10. Nxd4 Nc5 11. Nc3 a6 12. a4 Rc8 13. a5 e6 14. Qe2 Qc7 15. Red1 {0-1 (29) Vazquez,G (2296)-Delgado Ramirez,N (2587) Paraguay 2012}) 9... dxe5 {[%emt 0:12:50]} 10. Nxe5 {[%emt 0:00:18]} Nd5 $146 {[%emt 0:04:37]} ({Predecessor:} 10... Nxe5 11. Bxe5 b6 12. d3 Nd5 13. Bxg7 Kxg7 14. h3 e6 15. Nd2 {½-½ (32) Rudkovsky,A-Geilenko,D Nikolaev 2000}) 11. Qf3 {[%emt 0:05:11]} Nxe5 {[%emt 0:04:15]} 12. Bxe5 {[%emt 0:00:23]} f6 {[%emt 0:00:03]} 13. Bb2 {[%emt 0:00:15]} e5 {[%emt 0:00:03]} 14. Nc3 {[%emt 0:10:04]} Nb4 $1 {[%emt 0:00:13]} 15. Rac1 {[%emt 0:03:08]} Rf7 {[%emt 0:07:57]} 16. Ba3 {[%emt 0:08:11]} f5 {[%emt 0:06:27]} 17. Qe3 {[%emt 0:04:55]} b6 {[%emt 0:01:41]} 18. Bxb4 {[%emt 0:03:42]} cxb4 {[%emt 0:00:08]} 19. Nb1 {[%emt 0:00:02]} Rd7 {[%emt 0:13:08]} 20. a3 {[%emt 0:05:33]} bxa3 {[%emt 0:03:32]} 21. b4 {[%emt 0:02:26]} e4 {[%emt 0:00:21]} 22. Qxa3 {[%emt 0:00:47]} Bd4 {[%emt 0:12:21]} 23. Rcd1 {[%emt 0:09:03]} Qh4 {[%emt 0:02:29]} 24. Qg3 {[%emt 0:11:02]} (24. Re2 $17 {might work better.}) 24... Qf6 {[%emt 0:03:34]} 25. Kh1 {[%emt 0:01:40]} Rad8 {[%emt 0:07:42]} 26. Qb3+ {[%emt 0:03:01]} Kg7 {[%emt 0:00:40]} 27. Rf1 {[%emt 0:00:58]} Qh4 {[%emt 0:03:03]} 28. Qg3 {[%emt 0:01:20]} Qxg3 {[%emt 0:01:29]} 29. hxg3 {[%emt 0:00:02]} Be5 {[%emt 0:00:41]} 30. Rde1 {[%emt 0:00:45]} Bd6 {[%emt 0:01:51]} 31. b5 {[%emt 0:00:57]} h5 {[%emt 0:00:03]} 32. Re3 {[%emt 0:00:27]} Bc5 {[%emt 0:01:00]} 33. Rb3 {[%emt 0:00:18]} g5 {[%emt 0:00:48]} 34. f3 {[%emt 0:00:27] [#]} e3 $1 {[%emt 0:00:29]} 35. dxe3 {[%emt 0:00:08] [#]} Rd1 $1 {[%emt 0:00:03]} 36. Rxd1 {[%emt 0:00:42]} Rxd1+ {[%emt 0:00:03]} 37. Kh2 {[%emt 0:00:02]} Re1 {[%emt 0:00:39]} 38. g4 {[%emt 0:01:17]} fxg4 {[%emt 0:00:19]} (38... hxg4 $2 39. fxg4 Bd6+ 40. g3 $19) 39. Kg3 {[%emt 0:00:25]} Rf1 {[%emt 0:00:52]} 40. Nd2 {[%emt 0:00:00]} Bd6+ {[%emt 0:00:00]} 41. f4 {[%emt 0:03:49]} gxf4+ {[%emt 0:01:48]} 42. Kh4 {[%emt 0:00:28] [#]} f3 $1 {[%emt 0:03:58]} 43. Nxf3 {[%emt 0:08:23]} gxf3 {[%emt 0:00:18]} (43... Kh6 $142 44. Ng5 Rh1+ 45. Nh3 gxh3 46. g4 h2 47. Rd3 Rg1 48. Rxd6+ Kg7 49. Kg5 Rxg4+ 50. Kf5 h1=Q 51. Rd7+ Kf8 52. Ke6 Qe4+ 53. Kd6 Qxe3 54. Kc7 Qe8 55. Rh7 Kg8 56. Rd7 Rc4+ 57. Kd6 Rd4+ 58. Kc7 Rxd7+ 59. Kc6 Qe6#) 44. gxf3 {[%emt 0:00:04]} Kg6 {[%emt 0:00:15]} 45. f4 {[%emt 0:00:26]} Rf3 {[%emt 0:00:09]} 46. f5+ {[%emt 0:02:14]} Kh6 {[%emt 0:00:03]} 47. f6 {[%emt 0:01:25]} Be5 {[%emt 0:00:02]} 48. f7 {[%emt 0:01:18]} Bf6# {[%emt 0:00:05]} 0-1